LEADER 00899nam a2200217 i 4500 001 000000143292 003 CaOOAMICUS 005 20220331151658.0 008 050928s1983 it u000 u ita u 013 $a118650 040 $aSeMil$bita 100 1 $aEliade, Mircea,$d<1907-1986>.$0(OLS)http://semarc/name/3480 245 10$a3: Da Maometto all'età delle riforme /$cMircea Eliade. 264 3$aFirenze :$bSansoni,$c1983. 300 $a387 p. ;$c22 cm. 773 0 $aEliade, Mircea <1907-1986>$tStoria delle credenze e delle idee religiose.$dFirenze : Sansoni, 1980-1983.$kBiblioteca storica$g3$w()14319 850 $aSeMil 852 $aSeMil$W1$xVenegono$y1$m2R III 354$j96407$B96407$CSeMilBibl$Z2$F103593 $81 996 $6245$a3: Da Maometto all'età delle riforme$9(OLS)http://semarc/title/209723 996 $6264$aFirenze :$bSansoni$9(OLS)http://semarc/publisher/29843 LEADER 00948nam a2200241 i 4500 001 000000119641 003 CaOOAMICUS 005 20031103000000.0 008 031103s1996 it u000 u ita u 013 $a92335 040 $aSeMil$bita 100 1 $aAccattoli, Luigi,$d<1943- >.$0(OLS)http://semarc/name/24191 245 10$aCento preghiere italiane di fine millennio /$cLuigi Accattoli. 260 $aVicenza :$bLa Locusta,$c1996. 300 $a168 p. ;$c18 cm. 500 $aCon dedica autografa dell'Autore. - Fondo Card. C.M. Martini. 650 4$aPreghiere - Testi.$0(OLS)http://semarc/subject/6541 850 $aSeMil 852 $aSeMil$W1$xVenegono$y1$m3F II 309$j74848$B74848$CSeMilBibl$Z2$F101237 $81 941 1 $a4 961 $aOmaggio: Martini Card. Carlo Maria 996 $6245$aCento preghiere italiane di fine millennio$9(OLS)http://semarc/title/175882 996 $6260$aVicenza :$bLa Locusta$9(OLS)http://semarc/publisher/31451